000
00321nam a2200133Ia 4500
008
240624s9999 xx 000 0 und d
041
_a
eng
082
_a
332.024 BEN
100
_a
BENARTZI SHLOMO
245
_a
SAVE MORE TOMORROW PRACTICAL BEHAVIORAL
260
_c
2012
_a
USA
_b
Penguin
300
_a
288 : p.
365
_c
999
_c
20315
_d
20315